Biblioteca

"Jesus Christ the Lion" and "Seeing with John" (Registro nro. 33424)

Detalles MARC
000 -LÍDER
Campo fijo de descripción fija 00960nam a2200313 i 4500
001 - NÚMERO DE CONTROL
Campo de control 2628
003 - IDENTIFICADOR DEL NÚMERO DE CONTROL
Campo de control CO-MdFUSB
005 - FECHA Y HORA DE LA ULTIMA TRANSACCIÓN
control field 20230823122104.0
007 - CAMPO FIJO DE DESCRIPCIÓN FIJA--INFORMACIÓN GENERAL
Campo fijo de descripción fija ta
008 - ELEMENTOS DE LONGITUD FIJA -- INFORMACIÓN GENERAL
Campo fijo de descripción fija -- Información general 171117t1995 xxu||||| |||| 00| 0 eng d
020 ## - NÚMERO INTERNACIONAL NORMALIZADO PARA LIBROS
Número Internacional Normalizado del libro 0-533-10861-6
040 ## - FUENTE DE CATALOGACIÓN
Agencia de catalogación original CO-MdFUSB
Idioma de catalogación spa
Agencia que realiza la transcripción CO-MdFUSB
Agencia que realiza la modificación CO-MdFUSBC
Convenciones de la descripción rda
041 0# - CÓDIGO DE IDIOMA
Código de idioma para texto/pista de sonido o título separado eng
082 04 - NÚMERO DE CLASIFICACIÓN DECIMAL DEWEY
Número de la edición del Dewey 23
Número de clasificación 226
Clave de autor-Numero de item P366j
100 1# - ASIENTO PRINCIPAL--NOMBRE PERSONAL
Nombre personal Peck, Edson Ruther
Término relacionador autor
245 #0 - TÍTULO
Título del Material "Jesus Christ the Lion" and "Seeing with John"
Mención de responsabilidad, etc. / Edson Ruther Peck
264 #4 - PRODUCCIÓN, PUBLICACIÓN, DISTRIBUCIÓN, MANUFACTURA, Y COPYRIGHT
Lugar de producción, publicación, distribución, manufactura New York, USA :
Nombre del productor, publicador, distribuidor Vantage,
Fecha de producción, publicación, distribución, manufactura, o copyright ©1995
300 ## - DESCRIPCIÓN FÍSICA
Extensión XI, 556 páginas
Dimensiones ; 23 cm
336 ## - TIPO DE CONTENIDO
Fuente rdacontent
Término de tipo de contenido texto
Código de tipo de contenido txt
337 ## - TIPO DE MEDIO
Fuente rdamedia
Nombre del tipo de medio sin mediación
Código del tipo de medio n
338 ## - TIPO DE SOPORTE
Fuente rdacarrier
Nombre del tipo de soporte volumen
Código Tipo de soporte nc
505 ## - NOTA DE CONTENIDO
Nota de contenido con formato preestablecido Comentario al Evangelio de Marcos - Comentario al Evangelio de Juan
563 ## - NOTA DE ENCUADERNACIÓN
Nota de encuadernación Tapa dura
653 ## - TÉRMINO DE INDIZACIÓN - NO CONTROLADO
Término no controlado Biblia N.T. - Marcos - Comentarios
653 ## - TÉRMINO DE INDIZACIÓN - NO CONTROLADO
Término no controlado Biblia N.T. - Juan - Comentarios
942 ## - TIPO DE MATERIAL (KOHA)
Tipo de Item KOHA Libros General
945 ## - INFORMACIÓN LOCAL DEL REGISTRO
Catalogador AF
Existencias
Estado de Material Estado de Perdido Forma de Clasificación Estado de Dañado No para Préstamo Colección Tomo Biblioteca de Origen Biblioteca Permanente Fecha de Adquisición Total de Préstamos Signatura Topográfica Código de Barras Última vez visto Ejemplar/Existencia Tipo de Material
    Dewey Decimal Classification     Colección General   Biblioteca FUSBC Biblioteca FUSBC 24/11/2004   G 226 P366j 2115 12/12/2019 Ej. 1 Libros General

Biblioteca FUSBC | Teléfono: (57+4) 349 88 10 Ext. 141| WhatsApp (+57) 3005338115 
E-mail: biblioteca@unisbc.edu.co | Calle 76 87-14 Robledo Palenque, Medellín, Colombia

Con tecnología Koha